<?xml version="1.0" encoding="UTF-8"?>
<record
    xmlns:xsi="http://www.w3.org/2001/XMLSchema-instance"
    xsi:schemaLocation="http://www.loc.gov/MARC21/slim http://www.loc.gov/standards/marcxml/schema/MARC21slim.xsd"
    xmlns="http://www.loc.gov/MARC21/slim">

  <leader>01294nam a2200337 a 4500</leader>
  <controlfield tag="003">EG-ScBUE</controlfield>
  <controlfield tag="005">20221215095052.0</controlfield>
  <controlfield tag="008">150428s2014    cc a   f      000 0 mul d</controlfield>
  <datafield tag="020" ind1=" " ind2=" ">
    <subfield code="a">9787562342694 (v. 1.)</subfield>
  </datafield>
  <datafield tag="020" ind1=" " ind2=" ">
    <subfield code="a">9787562342700 (v. 2.)</subfield>
  </datafield>
  <datafield tag="020" ind1=" " ind2=" ">
    <subfield code="a">9787562342687 (v. 3.)</subfield>
  </datafield>
  <datafield tag="020" ind1=" " ind2=" ">
    <subfield code="a">9787562342854 (v. 4.)</subfield>
  </datafield>
  <datafield tag="040" ind1=" " ind2=" ">
    <subfield code="a">EG-ScBUE</subfield>
    <subfield code="b">eng</subfield>
    <subfield code="e">rda</subfield>
    <subfield code="c">EG-ScBUE</subfield>
    <subfield code="d">EG-ScBUE</subfield>
  </datafield>
  <datafield tag="041" ind1="0" ind2=" ">
    <subfield code="a">eng</subfield>
    <subfield code="a">chi</subfield>
  </datafield>
  <datafield tag="082" ind1="0" ind2="4">
    <subfield code="a">728</subfield>
    <subfield code="b">FRO</subfield>
    <subfield code="2">22</subfield>
  </datafield>
  <datafield tag="245" ind1="0" ind2="0">
    <subfield code="a">From concept to building.</subfield>
  </datafield>
  <datafield tag="264" ind1=" " ind2="1">
    <subfield code="a">[Guangzhou, China] :</subfield>
    <subfield code="b">JTart Publishing &amp; Media :</subfield>
    <subfield code="b">South china university of technology press,</subfield>
    <subfield code="c">2014.</subfield>
  </datafield>
  <datafield tag="300" ind1=" " ind2=" ">
    <subfield code="a">4 volumes :</subfield>
    <subfield code="b">color illustrations ;</subfield>
    <subfield code="c">32 cm</subfield>
  </datafield>
  <datafield tag="336" ind1=" " ind2=" ">
    <subfield code="2">rdacontent</subfield>
    <subfield code="a">text</subfield>
    <subfield code="b">txt</subfield>
  </datafield>
  <datafield tag="337" ind1=" " ind2=" ">
    <subfield code="2">rdamedia</subfield>
    <subfield code="a">unmediated</subfield>
    <subfield code="b">n</subfield>
  </datafield>
  <datafield tag="338" ind1=" " ind2=" ">
    <subfield code="2">rdacarrier</subfield>
    <subfield code="a">volume</subfield>
    <subfield code="b">nc</subfield>
  </datafield>
  <datafield tag="505" ind1="0" ind2=" ">
    <subfield code="a">Volume 1. Shopping center and Urban complex -- Volume 2. Commercial complex -- Volume 3. Office building and Transportation building -- Volume 4. Hotel building and Cultural &amp; Art building.</subfield>
  </datafield>
  <datafield tag="546" ind1=" " ind2=" ">
    <subfield code="a">Text in English and Chinese.</subfield>
  </datafield>
  <datafield tag="650" ind1=" " ind2="7">
    <subfield code="a">Building.</subfield>
    <subfield code="2">BUEsh</subfield>
    <subfield code="9">37769</subfield>
  </datafield>
  <datafield tag="650" ind1=" " ind2="7">
    <subfield code="a">Hotels</subfield>
    <subfield code="x">Design and construction.</subfield>
    <subfield code="2">BUEsh</subfield>
    <subfield code="9">37754</subfield>
  </datafield>
  <datafield tag="650" ind1=" " ind2="7">
    <subfield code="a">Office buildings.</subfield>
    <subfield code="2">BUEsh</subfield>
    <subfield code="9">37692</subfield>
  </datafield>
  <datafield tag="650" ind1=" " ind2="7">
    <subfield code="a">Architecture.</subfield>
    <subfield code="2">BUEsh</subfield>
    <subfield code="9">5773</subfield>
  </datafield>
  <datafield tag="653" ind1=" " ind2=" ">
    <subfield code="b">ENGARC</subfield>
    <subfield code="c">April2015</subfield>
  </datafield>
  <datafield tag="655" ind1=" " ind2=" ">
    <subfield code="v">Reading book</subfield>
  </datafield>
  <datafield tag="942" ind1=" " ind2=" ">
    <subfield code="2">ddc</subfield>
    <subfield code="k">728 FRO</subfield>
    <subfield code="c">BB</subfield>
  </datafield>
  <datafield tag="999" ind1=" " ind2=" ">
    <subfield code="c">19236</subfield>
    <subfield code="d">19208</subfield>
  </datafield>
  <datafield tag="952" ind1=" " ind2=" ">
    <subfield code="0">0</subfield>
    <subfield code="1">0</subfield>
    <subfield code="2">ddc</subfield>
    <subfield code="4">0</subfield>
    <subfield code="7">0</subfield>
    <subfield code="8">&#x627;&#x64A;&#x645;&#x643;</subfield>
    <subfield code="a">MAIN</subfield>
    <subfield code="b">MAIN</subfield>
    <subfield code="c">0TH</subfield>
    <subfield code="d">2015-04-28</subfield>
    <subfield code="e">purchase</subfield>
    <subfield code="g">1590.00</subfield>
    <subfield code="h">2447</subfield>
    <subfield code="l">0</subfield>
    <subfield code="o">728 FRO</subfield>
    <subfield code="p">000038120</subfield>
    <subfield code="r">2025-07-15 00:00:00</subfield>
    <subfield code="v">1987.50</subfield>
    <subfield code="w">2015-04-28</subfield>
    <subfield code="y">REFERENCE</subfield>
    <subfield code="z">VOL. 1.</subfield>
  </datafield>
  <datafield tag="952" ind1=" " ind2=" ">
    <subfield code="0">0</subfield>
    <subfield code="1">0</subfield>
    <subfield code="2">ddc</subfield>
    <subfield code="4">0</subfield>
    <subfield code="7">0</subfield>
    <subfield code="8">&#x627;&#x64A;&#x645;&#x643;</subfield>
    <subfield code="a">MAIN</subfield>
    <subfield code="b">MAIN</subfield>
    <subfield code="c">0TH</subfield>
    <subfield code="d">2015-04-28</subfield>
    <subfield code="e">purchase</subfield>
    <subfield code="g">1590.00</subfield>
    <subfield code="h">2447</subfield>
    <subfield code="l">0</subfield>
    <subfield code="o">728 FRO</subfield>
    <subfield code="p">000038119</subfield>
    <subfield code="r">2025-07-15 00:00:00</subfield>
    <subfield code="v">1987.50</subfield>
    <subfield code="w">2015-04-28</subfield>
    <subfield code="y">REFERENCE</subfield>
    <subfield code="z">VOL. 2.</subfield>
  </datafield>
  <datafield tag="952" ind1=" " ind2=" ">
    <subfield code="0">0</subfield>
    <subfield code="1">0</subfield>
    <subfield code="2">ddc</subfield>
    <subfield code="4">0</subfield>
    <subfield code="7">0</subfield>
    <subfield code="8">&#x627;&#x64A;&#x645;&#x643;</subfield>
    <subfield code="a">MAIN</subfield>
    <subfield code="b">MAIN</subfield>
    <subfield code="c">0TH</subfield>
    <subfield code="d">2015-04-28</subfield>
    <subfield code="e">purchase</subfield>
    <subfield code="g">1590.00</subfield>
    <subfield code="h">2447</subfield>
    <subfield code="l">0</subfield>
    <subfield code="o">728 FRO</subfield>
    <subfield code="p">000038118</subfield>
    <subfield code="r">2025-07-15 00:00:00</subfield>
    <subfield code="v">1987.50</subfield>
    <subfield code="w">2015-04-28</subfield>
    <subfield code="y">REFERENCE</subfield>
    <subfield code="z">VOL. 3.</subfield>
  </datafield>
  <datafield tag="952" ind1=" " ind2=" ">
    <subfield code="0">0</subfield>
    <subfield code="1">0</subfield>
    <subfield code="2">ddc</subfield>
    <subfield code="4">0</subfield>
    <subfield code="7">0</subfield>
    <subfield code="8">&#x627;&#x64A;&#x645;&#x643;</subfield>
    <subfield code="a">MAIN</subfield>
    <subfield code="b">MAIN</subfield>
    <subfield code="c">0TH</subfield>
    <subfield code="d">2015-04-28</subfield>
    <subfield code="e">purchase</subfield>
    <subfield code="g">1590.00</subfield>
    <subfield code="h">2447</subfield>
    <subfield code="l">0</subfield>
    <subfield code="o">728 FRO</subfield>
    <subfield code="p">000038117</subfield>
    <subfield code="r">2025-07-15 00:00:00</subfield>
    <subfield code="v">1987.50</subfield>
    <subfield code="w">2015-04-28</subfield>
    <subfield code="y">REFERENCE</subfield>
    <subfield code="z">VOL. 4.</subfield>
  </datafield>
</record>
